| 000 | 00953nam a2200289Ia 4500 | ||
|---|---|---|---|
| 001 | Z_3616 | ||
| 003 | CHAP | ||
| 008 | 220113s2001 xx 000 0 und d | ||
| 010 | _a166699 | ||
| 040 | _cCHAP | ||
| 090 | _aTesis L 1520 | ||
| 100 |
_aLora Zamorano, Ruben _9140817 |
||
| 245 |
_aEfecto de implantación con sustancias anabolizantes sobre el comportamiento y características de la canal en bovinos / _cpor Ruben Lora Zamorano y Juan Gabriel Lozada Pérez |
||
| 260 |
_aChapingo, Méx. : _bEl autor, _c2001 |
||
| 300 | _a82 h. ; cuad. | ||
| 502 | _aTesis (Ing. Agr. Esp. en Zootecnia) -- UACH. Departamento de Zootecnia | ||
| 650 |
_aGanado vacuno _xEngorda _945461 |
||
| 650 |
_aGanado vacuno _xReproducción _945510 |
||
| 650 |
_aHormonas en nutrición animal _956239 |
||
| 700 |
_aLozada Pérez, Juan Gabriel _968725 |
||
| 901 | _aTESIS L 1520 | ||
| 902 | _aM | ||
| 910 | _a2001 | ||
| 942 | _c2 | ||
| 942 | _c2 | ||
| 999 |
_c166699 _d166699 |
||